| 000 | 00566nam a2200229Ia 4500 | ||
|---|---|---|---|
| 003 | OSt | ||
| 005 | 20221005113604.0 | ||
| 006 | a|||||r|||| 00| 0 | ||
| 007 | ta | ||
| 008 | 221004b |||||||| |||| 00| 0 pan d | ||
| 024 | _a51385 | ||
| 037 | _cTextual | ||
| 040 |
_aCRL _cCRL _bpan |
||
| 041 |
_2pan _apan |
||
| 082 | _aP153,9, 31L7 | ||
| 100 |
_aKannatte Au. _9624577 |
||
| 245 | 0 | _a30 Nadgalil panchabi basai | |
| 260 | _c1977 | ||
| 650 | _aLINGUISTICS | ||
| 942 |
_hP153,9, 31L7 _cTEXL _2cc |
||
| 999 |
_c1028661 _d1028661 |
||